Marki odzieżowe dostępne na Polskim rynku - Statystyki

Ogólne statystyki
  • Ten quiz został rozwiązany 250 razy
  • Średni wynik to 9 z 23
Statystyki odpowiedzi
Hint Odpowiedź % Poprawnych
2 H&M
88%
4 Zara
85%
8 Reserved
76%
7 Cropp
73%
9 Sinsay
73%
5 Bershka
70%
10 House
70%
3 Pull&Bear
55%
1 Stradivarius
53%
20 New Yorker
52%
15 C&A
47%
11 Mohito
40%
13 Diverse
28%
17 Mango
25%
14 Big Star
20%
19 Medicine
20%
12 Primark
17%
6 Carry
16%
22 Terranova
11%
16 Kappahl
7%
21 Tatuum
6%
18 Massimo Dutti
5%
23 Tally Weijl
4%
Nie znaleziono quizów pasujących do podanych kryteriów
Rozkład punktacji
Procent ludzi z każdym wynikiem
Percentyl według liczby udzielonych odpowiedzi
Twoja historia wyników
Nie rozwiązałeś tego quizu